| 000 | 00760 a2200205 4500 | ||
|---|---|---|---|
| 020 | _a1584884355 | ||
| 040 |
_aDLC _bDLC |
||
| 082 | 0 | 0 | _a005.73 |
| 245 | 0 | 0 |
_aHandbook of data structures and applications _cedited by Dinesh P. Mehta and Sartaj Sahni |
| 246 | 3 | 0 | _aData structures and applications |
| 260 |
_aBoca Raton, Fla. : _bChapman & Hall/CRC, _cc2005. |
||
| 300 |
_a1 v. (various pagings) : _bill. ; _c27 cm. |
||
| 440 | 0 | _aChapman & Hall/CRC computer and information science series | |
| 650 | 0 | _aSystem design | |
| 650 | 0 | _aData structures (Computer science) | |
| 700 | 1 | _aMehta, Dinesh P. | |
| 700 | 1 | _aSahni, Sartaj. | |
| 856 | 4 | 2 |
_3Publisher description _uhttp://www.loc.gov/catdir/enhancements/fy0646/2004055286-d.html |
| 942 |
_cBK _k005.73 MEH _2ddc |
||
| 999 |
_c4311 _d4311 |
||